[Event "80th Tata Steel Challengers 2018"]
[Site "Wijk aan Zee"]
[Date "2018.01.20"]
[Round "7"]
[White "L'Ami, Erwin"]
[Black "Gordievsky, Dmitry"]
[Result "1/2-1/2"]
[WhiteElo "2634"]
[BlackElo "2622"]
[Annotator "TA"]
[PlyCount "72"]
[EventDate "2018.??.??"]
[EventType "tourn"]
[EventCountry "NED"]
[SourceTitle "playchess.com"]
[Source "ChessBase"]
[SourceQuality "1"]

{[%evp 18,72,65,32,56,0,56,55,51,57,61,73,80,26,57,29,29,27,30,27,29,30,41,32,58,58,59,58,56,54,55,45,72,50,71,0,0,0,0,0,0,-15,-7,-7,3,-2,-2,-2,-2,-1,-5,-6,-4,-1,-4,-8,-5]} 1. d4 Nf6 2. c4 g6 3. Nc3 Bg7 4. e4 d6 5. Nf3 O-O 6. Be2 e5 7. O-O c6 8. d5 Na6 9. Bg5 h6 {E94: King's Indian: Classical: 6 Be2 e5 7 0-0: Various Black 7th moves} 10. Bh4 {LiveBook: 42 Games} Qb6 $146 ({Predecessor:} 10... c5 11. Ne1 Bd7 12. a3 Qe8 13. Nd3 h5 14. b4 b6 15. bxc5 Nxc5 16. Nxc5 bxc5 17. Rb1 {0-1 (40) Stocek,J (2566)-Chigaev,M (2555) Katowice 2017}) 11. dxc6 (11. Bxf6 $14 Bxf6 12. dxc6) 11... bxc6 (11... g5 $11 12. Bg3 Qxb2) 12. Bxf6 $14 Bxf6 13. Qxd6 Kg7 14. Na4 ({Inferior is} 14. Nxe5 Rd8 $17) 14... Qb7 15. Qa3 (15. h3 $16) 15... Rb8 16. b3 Bg4 17. Rad1 Rfd8 18. Qc1 (18. Qb2 {keeps more tension.} Bxf3 19. Bxf3 Qb4 20. Qc1 Qe7 21. Qe3) 18... Bxf3 19. Bxf3 Qb4 20. Qe3 Rd4 21. Rxd4 exd4 22. Qe2 {e5 is the strong threat.} Re8 23. Rd1 Qa3 24. Qb2 Qe7 25. Qd2 Nc5 26. Nb2 (26. Nxc5 $16 Qxc5 27. g3) 26... Nxe4 $11 {The position is equal.} 27. Bxe4 Qxe4 28. Nd3 Qe2 29. a4 {[#]} a5 $1 {[%mdl 512]} 30. c5 (30. Qxa5 Qxd1+) 30... Bg5 31. Qxe2 Rxe2 {KRB-KRN} 32. b4 axb4 33. Nxb4 Be7 34. Kf1 Rb2 $1 {[%cal Rb2b4]} 35. Nxc6 Bxc5 36. Nxd4 Rb4 {Precision: White = 54%, Black = 61%.} 1/2-1/2

[Event "80th Tata Steel Challengers 2018"]
[Site "Wijk aan Zee"]
[Date "2018.01.20"]
[Round "7"]
[White "Van Foreest, Jorden"]
[Black "Bok, Benjamin"]
[Result "1/2-1/2"]
[WhiteElo "2629"]
[BlackElo "2607"]
[Annotator "TA"]
[PlyCount "82"]
[EventDate "2018.??.??"]
[EventType "tourn"]
[EventCountry "NED"]
[SourceTitle "playchess.com"]
[Source "ChessBase"]
[SourceQuality "1"]

{[%evp 17,82,16,22,23,21,12,41,30,35,37,26,10,17,24,17,17,17,15,35,15,39,51,64,70,100,110,117,123,119,25,43,10,11,3,68,26,43,3,37,32,29,0,0,-8,16,-2,-17,-10,-2,-12,-12,-13,-18,-17,0,-12,-8,-8,-8,-8,-10,-10,-10,-7,0,-1,0]} 1. e4 e5 2. Nf3 Nc6 3. Bb5 Nf6 4. d3 Bc5 5. Bg5 {[%cal Bc1g5,Bg5h4,Bh4g3,Bg3h2][%mdl 32]} h6 6. Bh4 {C65: Ruy Lopez: Berlin Defence (3...Nf6), unusual lines and 4 0-0 Bc5} Be7 7. c3 O-O 8. Bg3 d6 9. O-O Bd7 {LiveBook: 3 Games} 10. h3 Nh5 $146 ({Predecessor:} 10... Nh7 11. Nbd2 Ng5 12. Re1 Nxf3+ 13. Nxf3 Bf6 {½-½ (49) Vachier Lagrave,M (2795)-Malakhov,V (2712) Chartres 2017}) 11. Bh2 g6 12. Nbd2 Bg5 13. Re1 Bf4 14. Nf1 Bxh2+ 15. Kxh2 a6 16. Ba4 Nf4 17. d4 Re8 18. Bc2 Qc8 {[%cal Rd7h3]} 19. Ng1 Na5 20. Ne3 c5 21. dxc5 dxc5 22. g3 Nh5 {[#]} 23. Nd5 (23. Nf5 $1 $16 {[%mdl 512]}) 23... Qd8 $1 $11 24. Qd2 Kg7 25. Rad1 Be6 (25... Bc6 $11) 26. b3 (26. Nf3 $5 {[%cal Rf3e5]}) 26... Nf6 27. Qe3 (27. Nf3 $5 {[%cal Rf3e5]}) 27... b6 28. Nxf6 Qxf6 29. Rd6 Qe7 {The position is equal.} 30. Red1 Qc7 31. Nf3 Nb7 32. R6d2 Rad8 33. Rxd8 Rxd8 34. Rxd8 Nxd8 35. Nd2 Qd6 36. a4 b5 37. axb5 axb5 38. Bd3 Bd7 39. Be2 Nb7 40. h4 Na5 41. Kg1 f6 {Precision: White = 68%, Black = 58%.} 1/2-1/2

[Event "80th Tata Steel Challengers 2018"]
[Site "Wijk aan Zee"]
[Date "2018.01.20"]
[Round "7"]
[White "Tari, Aryan"]
[Black "Girya, Olga"]
[Result "1-0"]
[WhiteElo "2599"]
[BlackElo "2489"]
[Annotator "TA"]
[PlyCount "75"]
[EventDate "2018.??.??"]
[EventType "tourn"]
[EventCountry "NED"]
[SourceTitle "playchess.com"]
[Source "ChessBase"]
[SourceQuality "1"]

{[%evp 19,75,25,34,27,31,19,31,24,54,34,30,31,68,83,66,21,23,20,24,20,39,33,39,26,58,54,141,130,137,144,222,142,258,282,276,257,286,231,246,247,255,261,239,225,286,280,305,274,260,278,413,417,418,420,571,580,12821,12817]} 1. e4 c6 2. d4 d5 3. e5 Bf5 4. Nd2 e6 5. Nb3 Nd7 6. Nf3 a6 {B12: Caro-Kann: Advance Variation} 7. Be2 c5 {[%cal Bc6c5,Bc5c4][%mdl 32]} 8. c3 c4 9. Nbd2 {[%cal Bb3d2,Bd2f1,Bf1e3][%mdl 32]} h6 10. Nf1 Ne7 {LiveBook: 3 Games} 11. Ne3 Bh7 12. g3 b5 13. O-O {[#]} Qa5 $146 ({Predecessor:} 13... Nf5 14. Ng2 {1-0 (44) Anton Guijarro,D (2651)-Lupulescu,C (2620) Heraklio 2017}) 14. Bd2 Nc6 15. Ne1 b4 16. f4 bxc3 17. Bxc3 Bb4 18. Qd2 Rb8 19. f5 Bxf5 20. Nxf5 exf5 21. Rxf5 O-O 22. Rf2 Qb6 {[#]} (22... Nb6 $14) 23. Nc2 $1 $16 Bxc3 24. bxc3 Qb2 (24... Ne7 $16 {might work better.} 25. Bg4 f5) 25. Bh5 Rbe8 (25... Ne7 $16 {was necessary.} 26. Raf1 f5) 26. Raf1 $18 Re7 27. Qe3 Qb7 28. Qf3 g6 29. Bg4 Ncxe5 30. dxe5 Nxe5 31. Qd1 f5 32. Be2 Rd8 33. Qd4 Kh7 34. Rd1 a5 (34... Nc6 $142 35. Qc5 Qb5 36. Qxb5 axb5) 35. Ne3 {[%cal Bc2e3,Be3d5,Bd5f6][%mdl 32]} Nc6 36. Qc5 Rde8 37. Nxd5 Rxe2 38. Nf6+ {Precision: White = 84%, Black = 31%.} 1-0

[Event "80th Tata Steel Challengers 2018"]
[Site "Wijk aan Zee"]
[Date "2018.01.20"]
[Round "7"]
[White "Harika, Dronavalli"]
[Black "Bluebaum, Matthias"]
[Result "0-1"]
[WhiteElo "2497"]
[BlackElo "2640"]
[Annotator "TA"]
[PlyCount "115"]
[EventDate "2018.??.??"]
[EventType "tourn"]
[EventCountry "NED"]
[SourceTitle "playchess.com"]
[Source "ChessBase"]
[SourceQuality "1"]

{[%evp 16,115,17,14,12,13,34,17,24,7,6,-11,19,27,13,15,34,0,2,0,0,0,0,0,0,-6,0,0,0,-8,0,0,0,0,0,-16,0,-16,-13,-28,-18,-63,-63,-63,-56,-66,-62,-52,-2,-6,0,0,0,0,0,0,0,0,0,0,0,-14,0,-9,-12,-12,0,0,0,0,-2,-37,-13,-18,-14,-8,-15,-11,0,-11,0,-55,-49,-118,-129,-243,-237,-236,-237,-372,-348,-347,-342,-486,-387,-878,-883,-905,-905,-835,-808,-841]} 1. e4 e6 2. d4 d5 3. Nd2 c5 4. Ngf3 cxd4 5. Nxd4 Nf6 6. exd5 Nxd5 7. N2f3 {C07: French Tarrasch: 3...c5, 4 Ngf3 and 4 exd5 Qxd5} Bb4+ (7... a6 8. Bd3 Bd6 9. O-O O-O 10. Qe2 h6 11. Bd2 Re8 12. Rfe1 Nd7 13. Nf5 Bf8 {½-½ (33) Mamedov,R (2680)-Najer,E (2706) Kocaeli 2017}) 8. Bd2 O-O 9. c3 {LiveBook: 5 Games. The position is equal.} Bd6 10. Bd3 Nd7 11. O-O a6 $146 ({Predecessor:} 11... N7f6 12. Re1 Qb6 13. c4 Nb4 {½-½ (28) Esnaola San Sebastian,J (2128)-Doye,P (2330) ICCF email 2006}) 12. Re1 Qc7 13. Qe2 {[#] And now Nxe6! would win.} Nf4 14. Bxf4 $1 Bxf4 15. Rad1 Nf6 16. Ne5 b5 17. g3 (17. Ndf3 {seems wilder.} Rd8 18. g3 Bxe5 19. Nxe5 Bb7 20. Bc2) 17... Bxe5 18. Qxe5 Qxe5 19. Rxe5 Bb7 20. Ree1 Rfd8 21. Be2 Bd5 22. Bf3 (22. a3 {keeps more tension.} Ne4 23. f4 Nd6 24. Kf2 g6 25. g4) 22... Rac8 23. Bxd5 Nxd5 24. f4 g6 25. Kf2 Nb6 26. Re2 Rd5 27. a3 a5 28. Ra1 b4 29. axb4 axb4 30. Ra6 bxc3 31. bxc3 Nc4 32. Rea2 Kg7 33. Ra8 $36 {[%mdl 2048] White has the initiative.} Rc7 34. R8a7 Rdd7 35. Rxc7 Rxc7 $11 {[%mdl 4096] Endgame KRN-KRN} 36. Ke2 e5 37. fxe5 Nxe5 38. Rc2 Re7 39. Kd1 Ng4 {Threatens to win with ...Ne3+.} 40. Kc1 Rc7 41. Kb2 Ne3 42. Rc1 Rb7+ 43. Ka2 Kf6 44. Nc2 Nc4 45. Nb4 $1 Kg5 46. Kb3 Nd2+ 47. Kc2 Ne4 48. Rf1 (48. Kd3 $11 f5 49. Nd5) 48... Rd7 $15 49. Rf4 (49. c4 $1 $15) 49... f5 $17 {aiming for ...Rd2+.} 50. Rh4 (50. h4+ $17 Kf6 51. Rf3) 50... h5 $19 {[%cal Bh7h5,Bh5h4,Bh4h3][%mdl 32]} 51. c4 Rd2+ 52. Kb3 {[#]} (52. Kc1 $142 Rd4 53. Kb2) 52... Kh6 $1 53. Rf4 Rxh2 54. Ka4 (54. Nd3 {might work better.} Rg2 55. c5) 54... Rh3 55. Rf3 $2 (55. Kb5 g5 56. Rf1) 55... h4 {Black is clearly winning.} 56. Nd5 Rxg3 57. Rf1 h3 58. Kb5 {Precision: White = 46%, Black = 62%.} 0-1

[Event "80th Tata Steel Challengers 2018"]
[Site "Wijk aan Zee"]
[Date "2018.01.21"]
[Round "8"]
[White "Korobov, Anton"]
[Black "Amin, Bassem"]
[Result "0-1"]
[WhiteElo "2652"]
[BlackElo "2693"]
[Annotator "TA"]
[PlyCount "80"]
[EventDate "2018.??.??"]
[EventType "tourn"]
[EventCountry "NED"]
[SourceTitle "playchess.com"]
[Source "ChessBase"]
[SourceQuality "1"]

{[%evp 27,80,0,0,0,-10,-47,-12,-58,53,66,62,36,29,29,72,83,75,60,76,61,59,75,104,106,115,64,111,100,158,156,196,211,200,175,208,-67,-68,-59,-39,-265,-218,-201,-195,-1381,-1354,-6238,-29967,-6187,-5891,-1909,-1327,-1608,-1427,-5585,-5314]} 1. d4 Nf6 2. c4 g6 3. Nc3 Bg7 4. e4 d6 5. f3 O-O 6. Bg5 c5 7. d5 h6 8. Be3 e6 9. Qd2 exd5 10. cxd5 a6 11. a4 h5 12. Nge2 Nbd7 13. Nc1 Ne5 {A65: Modern Benoni: 6 e4} 14. Be2 Nh7 {LiveBook: 24 Games} (14... Rb8 15. O-O Qe8 16. Rb1 Bd7 17. b4 cxb4 18. Rxb4 b5 19. axb5 axb5 20. N1a2 Nc4 21. Bxc4 bxc4 22. Rxc4 {½-½ (52) Milanovic,D (2507)-Kislinsky,A (2451) Belgrade 2016}) 15. h3 f5 {The position is equal.} 16. f4 Nf7 $1 17. exf5 $146 ({Predecessor:} 17. Nd3 Re8 18. Nf2 Qe7 19. g4 Nf6 20. Rg1 fxe4 21. O-O-O {0-1 (38) Yakubboev,N (2131)-Alikulov,E (2212) Tashkent 2014}) 17... gxf5 ({Black should play} 17... Bxf5 $15 18. O-O Nf6) 18. O-O $14 Nf6 19. Bf2 Bd7 20. a5 Bb5 21. Re1 Re8 22. Qc2 (22. Nxb5 $6 Ne4 $11) (22. Bxb5 axb5 23. Rxe8+ Qxe8 $11) 22... Qd7 23. Bf3 Rxe1+ 24. Bxe1 Re8 25. N1e2 Ng4 26. Nxb5 (26. Bh4 $16) 26... axb5 27. Bc3 {Bxg7 is the strong threat.} (27. hxg4 $6 hxg4 28. Bxg4 fxg4 $11) 27... Nfh6 (27... Ne3 $142 28. Qd3 Bxc3 29. Qxc3 Qd8) 28. Ng3 $1 $16 {[%cal Rg3h5]} (28. Bxg7 $6 Qxg7 29. Qc3 Nf6 $14) 28... Bxc3 29. Qxc3 (29. bxc3 Qe7) 29... b4 30. Qd2 h4 31. hxg4 $2 (31. Nh5 Qf7 $11) (31. Nf1 $1 $18) 31... hxg3 $15 32. g5 Qg7 $1 {Threatens to win with ...Nf7.} 33. Bh5 $2 ({Only move:} 33. Kf1 $1 $15) 33... Nf7 $19 34. Qd3 Qxb2 35. Bxf7+ $2 {[#]} (35. Rf1 Re1 36. Qxg3 Rxf1+ 37. Kxf1) 35... Kg7 $1 {( -> ...Qf2+)} ({Weaker is} 35... Kxf7 36. Qxf5+ Kg7 37. Qd7+ Kf8 38. Qf5+ (38. Qxd6+ Re7 $17) 38... Kg8 39. Qg6+ Kf8 40. Qf5+ (40. Qxd6+ Re7 $17) 40... Kg8 41. Qg6+ Kf8 42. Qf5+ $11 (42. Qxd6+ Re7 $17)) 36. Bxe8 Qxa1+ 37. Qf1 Qd4+ {Black is clearly winning.} 38. Kh1 b3 {And now ...Kg8 would win.} 39. Qe1 {[#]} Kf8 $1 40. Bh5 Qe4 {Precision: White = 41%, Black = 69%.} 0-1

[Event "80th Tata Steel Challengers 2018"]
[Site "Wijk aan Zee"]
[Date "2018.01.21"]
[Round "8"]
[White "Bluebaum, Matthias"]
[Black "L'Ami, Erwin"]
[Result "1/2-1/2"]
[WhiteElo "2640"]
[BlackElo "2634"]
[Annotator "TA"]
[PlyCount "98"]
[EventDate "2018.??.??"]
[EventType "tourn"]
[EventCountry "NED"]
[SourceTitle "playchess.com"]
[Source "ChessBase"]
[SourceQuality "1"]

{[%evp 14,98,23,19,18,12,60,37,58,37,49,65,81,70,67,50,51,66,58,21,20,20,11,0,0,0,0,0,0,0,0,-5,0,-5,-12,0,0,-11,-8,-31,-12,-25,-20,-29,-28,-105,-132,-145,-150,-145,-145,-144,-134,-129,-93,-109,-57,-37,0,0,0,-47,-62,-50,-93,-40,-23,-149,-147,-154,-149,-354,-327,-339,-346,-321,-241,-205,0,0,0,0,0,0,0,0,0]} 1. Nf3 d5 2. d4 Nf6 3. c4 e6 4. g3 Bb4+ 5. Bd2 Bxd2+ 6. Nbxd2 O-O 7. Bg2 Nbd7 8. O-O b6 {E11: Bogo-Indian} (8... c6 9. Qc2 b6 10. e4 Nxe4 11. Nxe4 dxe4 12. Qxe4 Bb7 13. Rac1 Qe7 14. c5 Rfe8 15. Qe3 e5 16. Rfe1 Qe6 17. Nxe5 Qxa2 {1-0 (51) Cheparinov,I (2681)-Demchenko,A (2615) Jerusalem 2015}) 9. cxd5 Nxd5 10. Rc1 Bb7 {White is slightly better.} 11. Qb3 $146 ({Predecessor:} 11. e4 N5f6 12. Qe2 Rc8 13. Rfd1 Qe7 14. e5 Nd5 15. Ne4 h6 {1-0 (38) Cernousek,L (2455)-Bokros,A (2464) Slovakia 2014}) 11... Rc8 12. Nc4 Ba8 13. Qa4 a5 14. Nce5 Nxe5 15. Nxe5 Qd6 16. Nc6 Bxc6 17. Rxc6 Qb4 18. Qxb4 (18. Qc2 {is more complex.} Qxd4 19. e3 Qe5 20. Bxd5 exd5 21. Rc1) 18... Nxb4 19. Rc4 Nxa2 20. e3 c6 21. Bxc6 Rc7 22. d5 Nb4 23. Rfc1 exd5 24. Bxd5 Rd7 $36 {[%mdl 2048] Black fights for an advantage.} 25. Bf3 Rd2 26. b3 g6 27. Rd1 Rfd8 28. Rxd2 Rxd2 $11 {[%mdl 4096] Endgame KRB-KRN} 29. Kf1 (29. Rc7 $11 {remains equal.}) 29... Rd3 $17 30. Rc8+ Kg7 31. Be2 Rxb3 32. Rc7 Nd3 33. Ra7 h5 34. f4 Nb2 (34... Nc5 $17 35. Bc4 Rxe3 36. Bxf7 Rd3 37. Bc4+ Rd7 38. Rxd7+ Nxd7) 35. e4 $15 a4 36. e5 Kf8 37. Kg2 a3 {White must now prevent ...Nd3.} 38. Kh3 $1 Re3 39. Bf1 Kg7 40. Kh4 (40. Bb5 $11) 40... Kh6 $1 $17 41. Bb5 Nd3 $1 42. Be8 $2 {[#]} ({Not} 42. Rxa3 $2 Nxf4 $1 {[%mdl 512]} 43. gxf4 Rxa3 $19) (42. Bxd3 $17 {keeps fighting.} Rxd3 43. g4) 42... f6 $1 $19 {[%mdl 512]} 43. exf6 {Strongly threatening Bc6.} Rxe8 44. Rxa3 {KRN-KR} Nc5 45. g4 {[#]} hxg4 $2 ({Black should play} 45... Rd8 $1 $19 46. g5+ Kh7) 46. Kxg4 $11 {[%cal Ra3h3] The position is equal.} Kh7 {...Rf8 is the strong threat.} 47. Ra7+ Kh6 {And now ...Re6 would win.} 48. Ra3 {[%cal Ra3h3]} Kh7 {aiming for ...Rf8.} 49. Ra7+ Kh6 {Precision: White = 46%, Black = 72%.} 1/2-1/2

[Event "80th Tata Steel Challengers 2018"]
[Site "Wijk aan Zee"]
[Date "2018.01.21"]
[Round "8"]
[White "Xiong, Jeffery"]
[Black "Harika, Dronavalli"]
[Result "1/2-1/2"]
[WhiteElo "2634"]
[BlackElo "2497"]
[Annotator "TA"]
[PlyCount "63"]
[EventDate "2018.??.??"]
[EventType "tourn"]
[EventCountry "NED"]
[SourceTitle "playchess.com"]
[Source "ChessBase"]
[SourceQuality "1"]

{[%evp 26,63,5,14,30,18,31,-4,21,20,15,12,24,-4,12,10,11,10,24,19,20,-20,0,-9,-13,-7,-4,0,0,0,0,0,0,-8,15,14,5,0,0,0]} 1. d4 d5 2. c4 e6 3. Nf3 Nf6 4. g3 Be7 5. Bg2 O-O 6. O-O dxc4 7. Qa4 a6 8. Qxc4 b5 9. Qc2 Bb7 10. Bd2 Bd6 {E05: Open Catalan: 5 Nf3 Be7} 11. Re1 Be4 12. Qc1 Bb7 13. a3 Nbd7 14. b4 {LiveBook: 4 Games} Qc8 15. Nc3 Ne4 16. Qc2 {[#]} Ndf6 $146 ({Predecessor:} 16... f5 17. Nxe4 Bxe4 18. Qc1 {½-½ (26) Harikrishna,P (2645)-Alekseev,E (2691) Khanty-Mansiysk 2010}) 17. Rac1 h6 18. Red1 Re8 19. Nb1 {[#]} a5 $1 {[%mdl 512]} 20. Be1 $1 (20. bxa5 Nxd2) 20... axb4 21. axb4 Nd7 22. Ne5 Nef6 {The position is equal.} 23. Nc6 Nb8 24. Nxb8 {[#] Strongly threatening Bxb7.} Bxg2 25. Kxg2 {aiming for Nc6.} Qxb8 26. Qc6 Nd5 27. Nc3 Nxc3 28. Bxc3 Ra4 29. Kg1 Bxb4 30. Bxb4 Rxb4 31. Qxc7 Rb2 32. e3 {Precision: White = 45%, Black = 50%.} 1/2-1/2

[Event "80th Tata Steel Challengers 2018"]
[Site "Wijk aan Zee"]
[Date "2018.01.21"]
[Round "8"]
[White "Van Foreest, Jorden"]
[Black "Tari, Aryan"]
[Result "1-0"]
[WhiteElo "2629"]
[BlackElo "2599"]
[Annotator "TA"]
[PlyCount "43"]
[EventDate "2018.??.??"]
[EventType "tourn"]
[EventCountry "NED"]
[SourceTitle "playchess.com"]
[Source "ChessBase"]
[SourceQuality "1"]

{[%evp 21,43,9,9,9,2,0,12,6,6,0,0,0,0,0,0,0,0,0,0,0,159,149,783,778]} 1. e4 e5 2. Nf3 Nc6 3. d4 exd4 4. Nxd4 Nf6 {[%cal Bg8f6,Bf6d5,Bd5b6,Bb6c4][%mdl 32]} 5. Nxc6 bxc6 6. e5 Qe7 7. Qe2 Nd5 8. c4 Nb6 9. Nc3 Qe6 10. Qe4 g6 {C45: Scotch Game} 11. Bd2 Ba6 {[%cal Ra6c4] LiveBook: 4 Games} (11... Bg7 12. c5 Nd5 13. Bc4 Qxe5 14. Qxe5+ Bxe5 15. Bxd5 cxd5 16. O-O-O O-O 17. Nxd5 Rb8 18. Bc3 Bxc3 19. Nxc3 {1-0 (49) Yu,Y (2729)-Dominguez Perez,L (2739) Doha 2016}) 12. c5 Nc4 {The position is equal.} 13. Bg5 Bxc5 14. O-O-O {Hoping for b3.} O-O $1 $132 {[%mdl 2048] Black is fighting back} (14... Bxf2 $6 15. b3 $16) 15. Qf4 {Ne4 is the strong threat.} d5 16. exd6 $146 ({Predecessor:} 16. b3 f6 17. Bxf6 Rab8 18. h4 Be7 19. Qd4 Bc8 20. Bxe7 Qxe7 21. bxc4 Qa3+ 22. Kd2 Rb2+ 23. Ke1 Rbxf2 24. Ne2 Qb4+ {½-½ (24) Werner,J (2401)-Packroff,H (2251) GER email 2016}) 16... Bxd6 ({But not} 16... cxd6 17. Ne4 $16) 17. Rxd6 cxd6 18. Bf6 d5 {White must now prevent ...Rfe8.} 19. b3 $1 Rab8 20. Be2 c5 $2 {[#]} ({Black should try} 20... Rb4 $11) 21. Rd1 $1 $16 {[%mdl 1024] White has strong compensation.} Rfe8 $2 {[%mdl 8192]} (21... Rb4 $16 22. Nxd5 Nd6) 22. Nxd5 {Precision: White = 90%, Black = 48%.} 1-0

[Event "80th Tata Steel Challengers 2018"]
[Site "Wijk aan Zee"]
[Date "2018.01.21"]
[Round "8"]
[White "Gordievsky, Dmitry"]
[Black "Vidit, Santosh Gujrathi"]
[Result "0-1"]
[WhiteElo "2622"]
[BlackElo "2718"]
[Annotator "TA"]
[PlyCount "64"]
[EventDate "2018.??.??"]
[EventType "tourn"]
[EventCountry "NED"]
[SourceTitle "playchess.com"]
[Source "ChessBase"]
[SourceQuality "1"]

{[%evp 24,64,0,-7,0,-21,-7,-22,-25,-39,-27,-50,-18,-23,-14,-27,0,-20,-8,-11,-6,-9,-12,4,10,-79,-34,-43,-41,-41,-5,-64,-62,-74,-71,-71,-78,-75,-81,-505,-499,-935,-931]} 1. c4 e5 2. g3 Nf6 3. Bg2 d5 4. cxd5 Nxd5 5. Nf3 Nc6 6. O-O Nb6 7. d3 Be7 8. a3 O-O 9. Nbd2 a5 10. b3 Be6 11. Bb2 f6 12. Qc2 Qd7 {A20: English Opening: 1...e5} 13. Nc4 {LiveBook: 3 Games} Rfd8 {[#]} 14. Rfc1 $146 ({Predecessor:} 14. Rfd1 Qe8 15. d4 a4 16. Ncd2 exd4 17. b4 Qh5 18. Qd3 Bf5 19. Ne4 Ne5 20. Nxe5 fxe5 {0-1 (90) Ponomariov,R (2723)-Vachier Lagrave,M (2710) Beijing 2011}) 14... Qe8 {The position is equal.} 15. Nxb6 cxb6 16. Nd2 {[%cal Rg2c6]} Rac8 17. a4 Bc5 (17... b5 $5) 18. Qd1 h5 19. Nc4 Qe7 20. e3 Bg4 21. Qf1 Nb4 22. Rd1 Bxd1 23. Rxd1 Qf7 24. Kh1 {[#]} (24. d4 $11 exd4 25. exd4) 24... h4 $1 25. Qe2 (25. gxh4 Qh5) 25... hxg3 26. fxg3 Bf8 {next ...b5! is good for Black.} 27. g4 {[#]} (27. Be4 $11) 27... b5 $1 $15 28. axb5 {[#]} a4 $1 $36 {[%cal Ba5a4,Ba4b3,Bb3b2][%mdl 2592] Black has strong initiative.} 29. g5 (29. bxa4 Nxd3) 29... axb3 {aiming for ...Nxd3!} 30. Be4 {[#] Hoping for g6.} Nxd3 $1 {[%mdl 512]} 31. Rxd3 $4 {[%mdl 8192]} (31. Bxd3 $17 Rxd3 32. Qxd3 Qxc4 33. gxf6) 31... Qxc4 $19 32. Bd4 (32. Bf5 $142 Rxd3 33. Bxd3 Qd5+ 34. e4) 32... b2 {Precision: White = 30%, Black = 42%.} 0-1

[Event "80th Tata Steel Challengers 2018"]
[Site "Wijk aan Zee"]
[Date "2018.01.21"]
[Round "8"]
[White "Bok, Benjamin"]
[Black "Van Foreest, Lucas"]
[Result "1-0"]
[WhiteElo "2607"]
[BlackElo "2481"]
[Annotator "TA"]
[PlyCount "43"]
[EventDate "2018.??.??"]
[EventType "tourn"]
[EventCountry "NED"]
[SourceTitle "playchess.com"]
[Source "ChessBase"]
[SourceQuality "1"]

{[%evp 24,43,19,20,81,86,61,71,46,64,77,60,91,91,95,97,121,123,116,108,161,168]} 1. Nf3 Nf6 2. g3 d5 3. Bg2 e6 4. O-O Be7 5. c4 O-O 6. d4 dxc4 7. Qc2 a6 8. a4 Bd7 9. Qxc4 Bc6 10. Bg5 Bd5 11. Qc2 Be4 12. Qd1 {E05: Open Catalan: 5 Nf3 Be7} c5 13. dxc5 {LiveBook: 68 Games} Qxd1 (13... Bxc5 $11 14. Nc3 Bc6) 14. Rxd1 $16 {White is better.} Bxc5 15. Nc3 Bc6 16. Ne5 Bxg2 17. Kxg2 {[#]} h6 $146 ({Find the theoretical novelty and annotate with similar games:} 17... b6 18. Bxf6 gxf6 19. Nd7 Nxd7 20. Rxd7 {½-½ (31) Pigusov,E (2613)-Kruppa,Y (2552) Panormo 2001}) 18. Bxf6 $1 gxf6 19. Ne4 fxe5 20. Nxc5 b6 {[#]} 21. Ne4 $1 Nc6 (21... Ra7 $16) 22. Rac1 1-0

[Event "80th Tata Steel Challengers 2018"]
[Site "Wijk aan Zee"]
[Date "2018.01.21"]
[Round "8"]
[White "Girya, Olga"]
[Black "Krasenkow, Michal"]
[Result "0-1"]
[WhiteElo "2489"]
[BlackElo "2671"]
[Annotator "TA"]
[PlyCount "82"]
[EventDate "2018.??.??"]
[EventType "tourn"]
[EventCountry "NED"]
[SourceTitle "playchess.com"]
[Source "ChessBase"]
[SourceQuality "1"]

{[%evp 35,82,27,62,48,85,0,0,0,0,0,0,-61,-55,-95,-93,-93,-87,-96,-87,-87,-64,-147,-106,-145,-105,-112,-112,-109,-112,-131,-128,-170,-160,-152,-140,-170,-191,-159,-167,-556,-534,-501,-498,-487,-328,-29992,-29993,-29993,-2678]} 1. d4 d5 2. Nf3 c6 3. c4 e6 4. Nc3 dxc4 5. e3 b5 6. a4 Bb4 7. Bd2 a5 8. axb5 Bxc3 9. Bxc3 cxb5 10. b3 Bb7 11. bxc4 b4 12. Bb2 Nf6 13. Bd3 O-O 14. O-O Nbd7 15. Nd2 Qc7 16. f4 {D31: Queen's Gambit Declined: Semi-Slav without ...Nf6 (+ Marshall Gambit and Noteboom) and Exchange Variation lines without ...Nf6} a4 17. Rb1 Rfd8 18. Qe2 b3 {LiveBook: 8 Games. White should prevent ...a3.} 19. Ra1 $1 {[#]} g6 $146 ({Predecessor:} 19... Nb8 20. f5 Nc6 21. fxe6 fxe6 22. Ne4 Nxe4 23. Bxe4 Nb4 24. Bb1 Ba6 25. Rc1 Bb7 26. Rf1 Rdc8 27. Qg4 Re8 {1-0 (27) Sjugirov,S (2666)-Dreev,A (2649) Rostov on Don 2014}) 20. Kh1 (20. Rf2 $16) 20... Nh5 $1 $11 21. Ne4 f5 22. Ng5 Re8 23. Ba3 (23. Ra3 $11) 23... Nhf6 $15 24. Rac1 h6 25. Nf3 Be4 $1 26. Nd2 Bxd3 27. Qxd3 Qc6 28. Ra1 (28. Kg1 $15) 28... Rec8 $36 {[%mdl 2048] Black is on the roll.} 29. Rfc1 Nb6 30. Kg1 Ne4 31. c5 {[#]} Nd7 $1 32. Nc4 Kh7 33. Bb2 Rg8 34. Rd1 Qd5 35. Ne5 g5 {[%cal Bg6g5,Bg5f4,Bf4f3][%mdl 32] Hoping for ...gxf4.} 36. Nxd7 Qxd7 37. Qc4 $2 (37. d5) 37... gxf4 $19 {( -> ...Rxg2+)} 38. d5 f3 39. g3 Qc7 {White must now prevent ...Rxg3+!} 40. dxe6 $2 (40. d6 $19 Qxc5 41. Qxc5 Nxc5 42. Kf2) 40... Rxg3+ 41. Kf1 {[#]} Rg7 $1 {[%mdl 512] Precision: White = 24%, Black = 75%.} 0-1